Voces y consecuencias: participación directa y democracia en América Latina /
Como capítulo introductorio del libro Nuevas instituciones de democracia participativa en América Latina: la voz y sus consecuencias, se destaca que, a partir de la democratización en América Latina, en los últimos 10 años han surgido instituciones de participación directa y popular diferentes a las...
Gardado en:
| Autor Principal: | |
|---|---|
| Outros autores: | , |
| Formato: | Texto |
| Idioma: | Spanish |
| Materias: | |
| Etiquetas: |
Engadir etiqueta
Sen Etiquetas, Sexa o primeiro en etiquetar este rexistro!
|
MARC
| LEADER | 00000 a a2200000 04500 | ||
|---|---|---|---|
| 001 | 46881 | ||
| 003 | cru CIDCACS/IIS | ||
| 005 | 20180821162749.0 | ||
| 007 | ta | ||
| 008 | 180821b mx ||||| |||| 00| 0 spa d | ||
| 999 | |c 31976 |d 31976 | ||
| 040 | |c cru CIDCACS/IIS | ||
| 100 | |a Cameron, Maxwell A. | ||
| 245 | |a Voces y consecuencias: |b participación directa y democracia en América Latina / |c Maxwell A. Cameron, Eric Hershberg, Kenneth E. Sharpe | ||
| 520 | |a Como capítulo introductorio del libro Nuevas instituciones de democracia participativa en América Latina: la voz y sus consecuencias, se destaca que, a partir de la democratización en América Latina, en los últimos 10 años han surgido instituciones de participación directa y popular diferentes a las de democracias europeas y norteamericanas. A partir de lo anterior se evidencian nuevas formas de voz institucionalizada de personas tradicionalmente excluidas y una mayor deliberación ciudadana. Por lo que como objetivo de la investigación se destacan: describir las nuevas formas de participación, su relación con el sistema político, y el nivel de participación e inclusión real que generan dichas formas de participación. Dichos objetivos de investigación se analizan a partir de conceptos como inclusión, representación, responsabilidad ante demandas ciudadanas, romper con relaciones clientelares, educar ciudadanos. Se ofrece al lector una revisión de la participación directa institucionalizada, tanto a nivel electoral como no electoral. | ||
| 650 | 0 | |9 83 |a DEMOCRACIA | |
| 650 | 4 | |9 1849 |a DEMOCRATIZACION | |
| 650 | 4 | |9 3207 |a PARTICIPACION POLITICA | |
| 650 | 0 | |9 3698 |a AFILIACION POLITICA | |
| 651 | 0 | |9 17 |a AMERICA LATINA | |
| 700 | |a Hershberg, Eric | ||
| 700 | |a Sharpe, Kenneth E. | ||
| 773 | |a páginas 13-37 | ||
| 942 | |2 ddc |c LI | ||
